[Event "Leon blitz op 33rd"]
[Site "Chess.com INT"]
[Date "2020.07.14"]
[Round "8"]
[White "Matlakov, Maxim"]
[Black "Girish, A Koushnik"]
[Result "1-0"]
[WhiteElo "2685"]
[BlackElo "2498"]
[PlyCount "77"]
[EventDate "2020.07.14"]
[EventType "swiss (blitz)"]
[EventRounds "10"]
[EventCountry "ESP"]
[SourceTitle "CBM 197 Extra"]
[Source "ChessBase"]
[SourceDate "2020.09.30"]
[SourceVersion "1"]
[SourceVersionDate "2020.09.30"]
[SourceQuality "1"]

1. d4 Nf6 2. Nf3 e6 3. Bg5 c5 4. d5 h6 5. Bxf6 Qxf6 6. Nc3 d6 7. e4 e5 8. Bb5+
Nd7 9. a4 g6 10. a5 a6 11. Be2 Bg7 12. Nd2 b5 13. axb6 Nxb6 14. Nc4 Nxc4 15.
Bxc4 O-O 16. O-O a5 17. Bb5 Bb7 18. Bc6 Rfb8 19. b3 h5 20. Ra4 Qd8 21. Bxb7
Rxb7 22. Qe2 Rb4 23. Rfa1 Bh6 24. Nd1 Kg7 25. Nb2 h4 26. Nc4 Rxa4 27. Rxa4 Bf4
28. Qg4 Ra7 29. g3 hxg3 30. hxg3 Bh6 31. Kg2 Ra6 32. Ra1 Ra8 33. Ra4 Ra6 34.
Qe2 Ra7 35. Qe1 Qf6 36. Rxa5 Rxa5 37. Qxa5 Qg5 38. Nxd6 Qg4 39. Qc7 1-0

[Event "Leon blitz op 33rd"]
[Site "Chess.com INT"]
[Date "2020.07.14"]
[Round "9"]
[White "Girish, A Koushnik"]
[Black "Macovei, Andrei"]
[Result "0-1"]
[WhiteElo "2498"]
[BlackElo "2453"]
[PlyCount "70"]
[EventDate "2020.07.14"]
[EventType "swiss (blitz)"]
[EventRounds "10"]
[EventCountry "ESP"]
[SourceTitle "CBM 197 Extra"]
[Source "ChessBase"]
[SourceDate "2020.09.30"]
[SourceVersion "1"]
[SourceVersionDate "2020.09.30"]
[SourceQuality "1"]

1. d4 Nf6 2. c4 e6 3. Nf3 d5 4. Nc3 Bb4 5. Qa4+ Nc6 6. e3 O-O 7. Bd2 dxc4 8.
Bxc4 Bd6 9. h3 e5 10. d5 Ne7 11. e4 a6 12. Qc2 h6 13. O-O Ng6 14. Rfe1 Nh5 15.
Bf1 Qf6 16. Nh2 Nhf4 17. Be3 Bd7 18. Rad1 Rad8 19. Ne2 Nxe2+ 20. Bxe2 Nf4 21.
Bg4 h5 22. Bxd7 Rxd7 23. Bxf4 Qxf4 24. Qe2 g6 25. Rd3 f5 26. exf5 Rxf5 27. Rf3
Qg5 28. Rg3 Qf6 29. Qe4 Kh7 30. Rf3 Rf7 31. Re2 Qg5 32. Rxf5 gxf5 33. Nf3 Qc1+
34. Re1 fxe4 35. Rxc1 exf3 0-1

[Event "Leon blitz op 33rd"]
[Site "Chess.com INT"]
[Date "2020.07.14"]
[Round "10"]
[White "Pham, Le Thao Nguyen"]
[Black "Girish, A Koushnik"]
[Result "1-0"]
[WhiteElo "2366"]
[BlackElo "2498"]
[PlyCount "97"]
[EventDate "2020.07.14"]
[EventType "swiss (blitz)"]
[EventRounds "10"]
[EventCountry "ESP"]
[SourceTitle "CBM 197 Extra"]
[Source "ChessBase"]
[SourceDate "2020.09.30"]
[SourceVersion "1"]
[SourceVersionDate "2020.09.30"]
[SourceQuality "1"]

1. d4 Nf6 2. Nf3 g6 3. Bg5 Bg7 4. e3 O-O 5. Be2 d6 6. O-O Nbd7 7. c4 h6 8. Bh4
g5 9. Bg3 Ne4 10. Nc3 Nxg3 11. hxg3 f5 12. d5 e5 13. dxe6 Nc5 14. Nd4 Nxe6 15.
Nxe6 Bxe6 16. Qd2 Kh8 17. Rad1 Qf6 18. Rc1 Rad8 19. b3 c6 20. Bf3 g4 21. Bd1 h5
22. Ne2 h4 23. gxh4 Qxh4 24. Nf4 Bf7 25. g3 Qe7 26. Bc2 Qe5 27. Kg2 Bh6 28. Rh1
Kg7 29. Ne2 Bg5 30. Qd4 Kf6 31. Rcd1 a6 32. Nf4 Bxf4 33. gxf4 Qxd4 34. Rxd4 d5
35. c5 Rh8 36. Rxh8 Rxh8 37. Rb4 Rb8 38. Bd3 a5 39. Ra4 Ra8 40. b4 Be6 41. bxa5
d4 42. exd4 Bd5+ 43. Kf1 Bf3 44. a6 Rh8 45. Ke1 bxa6 46. Rxa6 Rh1+ 47. Kd2 Ke6
48. Bc4+ Bd5 49. Rxc6+ 1-0

[Event "Legends of Chess Prelim"]
[Site "chess24.com INT"]
[Date "2020.07.27"]
[Round "7.3"]
[White "Ding, Liren"]
[Black "Giri, Anish"]
[Result "0-1"]
[WhiteElo "2791"]
[BlackElo "2764"]
[PlyCount "110"]
[EventDate "2020.07.21"]
[EventType "tourn (rapid)"]
[EventRounds "9"]
[EventCountry "GER"]
[EventCategory "20"]
[SourceTitle "CBM 197"]
[Source "ChessBase"]
[SourceDate "2020.07.27"]
[SourceVersion "1"]
[SourceVersionDate "2020.07.27"]
[SourceQuality "1"]

1. d4 Nf6 2. c4 e6 3. Nc3 Bb4 4. e3 O-O 5. Bd3 d5 6. cxd5 exd5 7. Nge2 Re8 8.
Bd2 b6 9. Rc1 Bd6 10. Nb5 c5 11. Nxd6 Qxd6 12. dxc5 bxc5 13. Bc3 Nbd7 14. O-O
Ne5 15. Bb5 Bd7 16. Bxd7 Nexd7 17. Ng3 Ne4 18. Nxe4 Rxe4 19. Rc2 Rd8 20. Rd2
Nf8 21. Qf3 Qe6 22. h3 Ng6 23. Rfd1 h6 24. Qg3 Rd7 25. b3 Kh7 26. Bb2 f5 27.
Kh2 f4 28. exf4 Rxf4 29. Qe3 Qc6 30. Qd3 d4 31. Rc1 Qd6 32. Kg1 Rdf7 33. Ba3
R4f5 34. Rdc2 Nf4 35. Qe4 Qg6 36. Kh1 Rg5 37. Qxg6+ Rxg6 38. f3 d3 39. Rf2 Re7
40. Bxc5 Re2 41. Rd1 Rc6 42. Bxa7 Ra6 43. Bd4 Raxa2 44. Kg1 Ne6 45. Bb6 Ra6 46.
Rxd3 Re1+ 47. Kh2 Rxb6 48. Rc2 Rb1 49. h4 Kg6 50. Rcc3 Rb2 51. Kg3 Kf6 52. Re3
g5 53. hxg5+ hxg5 54. Rc8 Nf4 55. Rf8+ Kg7 0-1

[Event "Titled Tuesday intern op 4th Aug 10am"]
[Site "Chess.com INT"]
[Date "2020.08.04"]
[Round "1"]
[White "Tokman, Ariel"]
[Black "Girish, A Koushnik"]
[Result "1/2-1/2"]
[WhiteElo "2316"]
[BlackElo "2498"]
[PlyCount "165"]
[EventDate "2020.08.04"]
[EventType "swiss (blitz)"]
[EventRounds "10"]
[EventCountry "USA"]
[SourceTitle "CBM 197 Extra"]
[Source "ChessBase"]
[SourceDate "2020.09.30"]
[SourceVersion "1"]
[SourceVersionDate "2020.09.30"]
[SourceQuality "1"]

1. Nf3 d5 2. g3 g6 3. Bg2 Bg7 4. d4 c6 5. O-O Nf6 6. Nbd2 O-O 7. c4 Bf5 8. b3
Ne4 9. Bb2 Nd7 10. Nh4 Nxd2 11. Qxd2 Be6 12. e4 Nb6 13. exd5 cxd5 14. c5 Nd7
15. b4 Qc7 16. Rfe1 b6 17. Nf3 Nf6 18. Rxe6 fxe6 19. Ng5 Bh6 20. Nxe6 Bxd2 21.
Nxc7 Rac8 22. Nxd5 Nxd5 23. Bxd5+ Kg7 24. a3 bxc5 25. dxc5+ Kh6 26. Rd1 Bg5 27.
h4 Bf6 28. Bxf6 exf6 29. Rc1 Rfd8 30. Bb7 Rc7 31. c6 Rd3 32. a4 Rd4 33. Rb1 f5
34. a5 a6 35. b5 axb5 36. Rxb5 Ra4 37. a6 Kg7 38. Rd5 Kf6 39. Rd8 h6 40. Kg2 g5
41. hxg5+ hxg5 42. Ra8 g4 43. Rd8 Ra1 44. Rf8+ Kg6 45. Rg8+ Kf7 46. Rg5 Kf6 47.
Rh5 Kg6 48. Rh1 Ra2 49. Rd1 Kf6 50. Rd5 Ke6 51. Rd8 Ra1 52. Rf8 Rh7 53. Re8+
Kd6 54. Rd8+ Kc7 55. Rd7+ Rxd7 56. cxd7 Kxd7 57. Kh2 Kd6 58. Kg2 Ke5 59. Bc8
Ra2 60. Bb7 Kf6 61. Bc8 Ra1 62. Bb7 Ke6 63. Bc8+ Ke5 64. Bb7 Kd6 65. Bc8 Ra5
66. Bb7 Kc7 67. Kf1 Ra2 68. Ke1 Kb8 69. Kf1 Rb2 70. Ke1 Rc2 71. Kf1 Rc3 72. Ke2
Ra3 73. Kf1 Ra4 74. Ke2 f4 75. gxf4 Rxf4 76. Ke3 Rf6 77. Ke2 Rg6 78. Kf1 g3 79.
fxg3 Rxg3 80. Kf2 Ra3 81. Ke2 Ka7 82. Kd2 Rxa6 83. Bxa6 1/2-1/2

[Event "Titled Tuesday intern op 4th Aug 10am"]
[Site "Chess.com INT"]
[Date "2020.08.04"]
[Round "3"]
[White "Randazzo, Adrian"]
[Black "Girish, A Koushnik"]
[Result "0-1"]
[WhiteElo "2293"]
[BlackElo "2498"]
[PlyCount "76"]
[EventDate "2020.08.04"]
[EventType "swiss (blitz)"]
[EventRounds "10"]
[EventCountry "USA"]
[SourceTitle "CBM 197 Extra"]
[Source "ChessBase"]
[SourceDate "2020.09.30"]
[SourceVersion "1"]
[SourceVersionDate "2020.09.30"]
[SourceQuality "1"]

1. e4 c6 2. d4 d5 3. f3 dxe4 4. fxe4 e5 5. Nf3 exd4 6. Bc4 Be6 7. Bxe6 fxe6 8.
O-O Nd7 9. Ng5 Ngf6 10. Nxe6 Qb6 11. Nd2 c5 12. Nxf8 Rxf8 13. Nc4 Qe6 14. b3
O-O-O 15. Bf4 Nb6 16. Nxb6+ axb6 17. a4 Nxe4 18. a5 Nc3 19. Qd2 Rxf4 20. Rxf4
Ne2+ 21. Kh1 Nxf4 22. Qxf4 bxa5 23. h3 b6 24. Qg3 Rd7 25. Re1 Qd6 26. Qf3 Qd5
27. Qf8+ Kb7 28. Re8 Ka7 29. Re7 g6 30. Re8 Rf7 31. Qh8 Ka6 32. Ra8+ Kb5 33.
Qe8+ Qd7 34. Qe2+ d3 35. cxd3 Re7 36. Qc2 Qd4 37. Rf8 Re1+ 38. Kh2 Qe5+ 0-1

[Event "Titled Tuesday intern op 4th Aug 10am"]
[Site "Chess.com INT"]
[Date "2020.08.04"]
[Round "4"]
[White "Fedoseev, Vladimir1"]
[Black "Girish, A Koushnik"]
[Result "1-0"]
[WhiteElo "2678"]
[BlackElo "2498"]
[PlyCount "71"]
[EventDate "2020.08.04"]
[EventType "swiss (blitz)"]
[EventRounds "10"]
[EventCountry "USA"]
[SourceTitle "CBM 197 Extra"]
[Source "ChessBase"]
[SourceDate "2020.09.30"]
[SourceVersion "1"]
[SourceVersionDate "2020.09.30"]
[SourceQuality "1"]

1. d4 Nf6 2. Nf3 e6 3. Bg5 c5 4. e3 Nc6 5. c3 d5 6. Nbd2 h6 7. Bh4 Bd6 8. Qc2
b6 9. Bd3 Bb7 10. O-O cxd4 11. exd4 Rc8 12. Rfe1 O-O 13. Qd1 Be7 14. Qe2 Nh5
15. Bxe7 Qxe7 16. g3 Nf6 17. h4 Nd7 18. Kg2 Rfe8 19. Bb5 Ndb8 20. Nf1 a6 21.
Bd3 b5 22. b4 Nd7 23. a4 e5 24. axb5 axb5 25. Bxb5 e4 26. N3d2 Nf6 27. Ne3 Qe6
28. Nb3 Rc7 29. Nc5 Qd6 30. Nf5 Qd8 31. Nxb7 Rxb7 32. Bxc6 Rc7 33. Bxe8 Qxe8
34. Ra3 Qe6 35. Ne3 g6 36. Qa6 1-0

[Event "Titled Tuesday intern op 4th Aug 10am"]
[Site "Chess.com INT"]
[Date "2020.08.04"]
[Round "5"]
[White "Girish, A Koushnik"]
[Black "Wagh, Suyog"]
[Result "0-1"]
[WhiteElo "2498"]
[BlackElo "2246"]
[PlyCount "82"]
[EventDate "2020.08.04"]
[EventType "swiss (blitz)"]
[EventRounds "10"]
[EventCountry "USA"]
[SourceTitle "CBM 197 Extra"]
[Source "ChessBase"]
[SourceDate "2020.09.30"]
[SourceVersion "1"]
[SourceVersionDate "2020.09.30"]
[SourceQuality "1"]

1. d4 d5 2. c4 c6 3. Nc3 Nf6 4. e3 a6 5. Nf3 Bg4 6. Qb3 Ra7 7. Ne5 Bf5 8. a4 e6
9. a5 Nbd7 10. Nxd7 Nxd7 11. Be2 Bd6 12. g4 Bg6 13. h4 h6 14. Bd2 O-O 15. c5
Bc7 16. f4 Bxa5 17. g5 h5 18. Qd1 Bxc3 19. Bxc3 Be4 20. Rg1 g6 21. Bxh5 gxh5
22. Qxh5 Qe7 23. Kd2 Re8 24. g6 fxg6 25. Rxg6+ Bxg6 26. Qxg6+ Kf8 27. Rg1 Qf6
28. Qh7 Qf7 29. Qh6+ Ke7 30. Rg7 Nf6 31. Ba5 Raa8 32. Bc7 Rg8 33. Rxf7+ Kxf7
34. Be5 Rg6 35. Qg5 Rxg5 36. hxg5 Ne4+ 37. Kc2 Kg6 38. Kb3 a5 39. Ka4 Kf5 40.
Ka3 Ng3 41. Ka4 Nf1 0-1

[Event "Titled Tuesday intern op 4th Aug 10am"]
[Site "Chess.com INT"]
[Date "2020.08.04"]
[Round "7"]
[White "Spata, German"]
[Black "Girish, A Koushnik"]
[Result "0-1"]
[WhiteElo "2257"]
[BlackElo "2498"]
[PlyCount "88"]
[EventDate "2020.08.04"]
[EventType "swiss (blitz)"]
[EventRounds "10"]
[EventCountry "USA"]
[SourceTitle "CBM 197 Extra"]
[Source "ChessBase"]
[SourceDate "2020.09.30"]
[SourceVersion "1"]
[SourceVersionDate "2020.09.30"]
[SourceQuality "1"]

1. Nf3 d5 2. e3 Nf6 3. c4 c6 4. Nc3 a6 5. Be2 e6 6. b3 Bd6 7. Bb2 Nbd7 8. Qc2
e5 9. d3 Qe7 10. d4 dxc4 11. Bxc4 b5 12. Bd3 c5 13. O-O Bb7 14. Ne4 exd4 15.
Nxd6+ Qxd6 16. exd4 O-O 17. dxc5 Qxc5 18. Bxf6 Qxc2 19. Bxc2 Nxf6 20. Rad1 Rac8
21. Bf5 Rc5 22. Bd3 Bxf3 23. gxf3 Nd5 24. Be4 Nf4 25. Rd6 a5 26. Ra6 b4 27. Rd1
g6 28. h4 Kg7 29. Rd7 Rh5 30. Bd3 Rxh4 31. Bc4 Rh5 32. Raa7 Rf5 33. Kf1 h5 34.
Ra6 h4 35. Rda7 h3 36. Kg1 Rg5+ 37. Kh2 Rg2+ 38. Kh1 Rxf2 39. Rxa5 Rd2 40. Rc5
Rd1+ 41. Kh2 Rd2+ 42. Kh1 Nh5 43. Rcc7 Ng3+ 44. Kg1 h2# 0-1

[Event "Titled Tuesday intern op 4th Aug 10am"]
[Site "Chess.com INT"]
[Date "2020.08.04"]
[Round "8"]
[White "Girish, A Koushnik"]
[Black "Valdes, Luis Enrique"]
[Result "1-0"]
[WhiteElo "2498"]
[BlackElo "2402"]
[PlyCount "73"]
[EventDate "2020.08.04"]
[EventType "swiss (blitz)"]
[EventRounds "10"]
[EventCountry "USA"]
[SourceTitle "CBM 197 Extra"]
[Source "ChessBase"]
[SourceDate "2020.09.30"]
[SourceVersion "1"]
[SourceVersionDate "2020.09.30"]
[SourceQuality "1"]

1. c4 Nf6 2. Nc3 g6 3. g3 Bg7 4. Bg2 O-O 5. d4 d6 6. Nf3 Nc6 7. O-O e5 8. dxe5
dxe5 9. Qxd8 Rxd8 10. Bg5 Be6 11. Nd2 h6 12. Bxf6 Rxd2 13. Bxg7 Kxg7 14. b3
Rad8 15. Bxc6 bxc6 16. Rfd1 f5 17. f3 R8d6 18. Kf2 Rc2 19. Rdc1 Rdd2 20. Ke1
Rxc1+ 21. Rxc1 Rd6 22. Rd1 Kf6 23. e3 Ke7 24. f4 e4 25. c5 Rxd1+ 26. Kxd1 Bf7
27. Kd2 Ke6 28. Kc2 Be8 29. Kb2 g5 30. Ka3 gxf4 31. gxf4 Kf6 32. Kb4 Kg6 33.
Ne2 Kh5 34. Ka5 Kg4 35. Ng1 Kh5 36. Ka6 Kg6 37. Kxa7 1-0

[Event "Titled Tuesday intern op 4th Aug 10am"]
[Site "Chess.com INT"]
[Date "2020.08.04"]
[Round "9"]
[White "Girish, A Koushnik"]
[Black "Aloma Vidal, Roberto"]
[Result "1-0"]
[WhiteElo "2498"]
[BlackElo "2443"]
[PlyCount "51"]
[EventDate "2020.08.04"]
[EventType "swiss (blitz)"]
[EventRounds "10"]
[EventCountry "USA"]
[SourceTitle "CBM 197 Extra"]
[Source "ChessBase"]
[SourceDate "2020.09.30"]
[SourceVersion "1"]
[SourceVersionDate "2020.09.30"]
[SourceQuality "1"]

1. c4 e5 2. Nc3 Nc6 3. Nf3 Nf6 4. e3 Bb4 5. Qc2 Bxc3 6. bxc3 O-O 7. e4 d6 8. d3
Nd7 9. Be2 Nc5 10. d4 Nd7 11. O-O Re8 12. Re1 h6 13. Ba3 Qf6 14. Rad1 b6 15. c5
dxc5 16. dxc5 Nf8 17. Qa4 Ng6 18. cxb6 Nf4 19. bxc7 Bg4 20. Rd6 Re6 21. Qxc6
Rxd6 22. Qxa8+ Kh7 23. Bxd6 Nxe2+ 24. Rxe2 Bxf3 25. gxf3 Qxf3 26. c8=Q 1-0

[Event "Titled Tuesday intern op 4th Aug 10am"]
[Site "Chess.com INT"]
[Date "2020.08.04"]
[Round "10"]
[White "Tabatabaei, Mohammad Amin"]
[Black "Girish, A Koushnik"]
[Result "1-0"]
[WhiteElo "2629"]
[BlackElo "2498"]
[PlyCount "97"]
[EventDate "2020.08.04"]
[EventType "swiss (blitz)"]
[EventRounds "10"]
[EventCountry "USA"]
[SourceTitle "CBM 197 Extra"]
[Source "ChessBase"]
[SourceDate "2020.09.30"]
[SourceVersion "1"]
[SourceVersionDate "2020.09.30"]
[SourceQuality "1"]

1. e4 c6 2. Nf3 d5 3. Nc3 dxe4 4. Nxe4 Nf6 5. Qe2 Bg4 6. Nxf6+ gxf6 7. g3 e6 8.
Bg2 Nd7 9. O-O Bd6 10. d4 h5 11. c4 h4 12. b4 hxg3 13. hxg3 f5 14. c5 Bc7 15.
b5 Nf6 16. bxc6 bxc6 17. Qa6 Nd5 18. Qxc6+ Kf8 19. Bg5 Qe8 20. Ne5 Qxc6 21.
Nxc6 Nc3 22. Rfe1 f4 23. Bxf4 Bxf4 24. gxf4 Ne2+ 25. Kf1 Nxf4 26. Ne5 Bh3 27.
Bxh3 Rxh3 28. f3 Ke7 29. Kf2 Rg8 30. Rg1 Rh2+ 31. Ke3 Nd5+ 32. Kd3 Rxg1 33.
Rxg1 Rxa2 34. Rg7 Ra3+ 35. Kc2 Ra4 36. Rxf7+ Ke8 37. Rb7 a6 38. c6 Kd8 39. Nf7+
Ke8 40. Nd6+ Kf8 41. c7 Nxc7 42. Rxc7 Rxd4 43. Ne4 a5 44. Kc3 Rd1 45. Ra7 Rd5
46. Rc7 Rd1 47. Kc2 Rd5 48. Rc3 Kf7 49. Rc6 1-0

[Event "Titled Tuesday intern op 18th Aug"]
[Site "Chess.com INT"]
[Date "2020.08.18"]
[Round "4"]
[White "Girish, A Koushnik"]
[Black "Kiseleva, Arina"]
[Result "1-0"]
[WhiteElo "2498"]
[BlackElo "2024"]
[PlyCount "49"]
[EventDate "2020.08.18"]
[EventType "swiss (blitz)"]
[EventRounds "10"]
[EventCountry "USA"]
[SourceTitle "CBM 197 Extra"]
[Source "ChessBase"]
[SourceDate "2020.09.30"]
[SourceVersion "1"]
[SourceVersionDate "2020.09.30"]
[SourceQuality "1"]

1. c4 Nf6 2. Nc3 e5 3. Nf3 Nc6 4. e3 Bb4 5. Qc2 O-O 6. Nd5 d6 7. a3 Bc5 8. b4
Bb6 9. Bd3 h6 10. Bb2 Re8 11. Nxf6+ Qxf6 12. Be4 Qe7 13. O-O g6 14. Rfe1 f5 15.
Bd5+ Be6 16. Bxe6+ Qxe6 17. d4 Qf7 18. c5 exd4 19. exd4 dxc5 20. dxc5 Rxe1+ 21.
Rxe1 Re8 22. Rxe8+ Qxe8 23. cxb6 axb6 24. h4 Qe6 25. b5 1-0

[Event "Titled Tuesday intern op 18th Aug"]
[Site "Chess.com INT"]
[Date "2020.08.18"]
[Round "5"]
[White "Girish, A Koushnik"]
[Black "Cella, Glaucio Dalla Cortt"]
[Result "0-1"]
[WhiteElo "2498"]
[BlackElo "1961"]
[PlyCount "28"]
[EventDate "2020.08.18"]
[EventType "swiss (blitz)"]
[EventRounds "10"]
[EventCountry "USA"]
[SourceTitle "CBM 197 Extra"]
[Source "ChessBase"]
[SourceDate "2020.09.30"]
[SourceVersion "1"]
[SourceVersionDate "2020.09.30"]
[SourceQuality "1"]

1. d4 Nf6 2. Bg5 e6 3. e4 Be7 4. Nc3 h6 5. Be3 Bb4 6. Bd3 d5 7. e5 Ne4 8. Nge2
Nxc3 9. bxc3 Be7 10. O-O c5 11. Ng3 Nc6 12. Qg4 g6 13. f4 h5 14. Qh3 Qa5 0-1

[Event "Titled Tuesday intern op 1st Sept"]
[Site "Chess.com INT"]
[Date "2020.09.01"]
[Round "3"]
[White "Girish, A Koushnik"]
[Black "Huang, Alex"]
[Result "1-0"]
[WhiteElo "2498"]
[BlackElo "1988"]
[PlyCount "67"]
[EventDate "2020.09.01"]
[EventType "swiss (blitz)"]
[EventRounds "10"]
[EventCountry "USA"]
[SourceTitle "EXT 2021"]
[Source "ChessBase"]
[SourceDate "2020.10.23"]
[SourceVersion "1"]
[SourceVersionDate "2020.10.23"]
[SourceQuality "1"]

1. c4 Nf6 2. Nc3 g6 3. g3 Bg7 4. Bg2 d6 5. d4 O-O 6. Nf3 Nc6 7. O-O a6 8. d5
Na5 9. Nd2 c5 10. Qc2 Bd7 11. b3 Rb8 12. Bb2 b5 13. Nd1 Qc7 14. Bc3 bxc4 15.
bxc4 Rb7 16. Ne3 Rfb8 17. Qc1 Ra7 18. Qa3 Nb7 19. Rab1 a5 20. Ne4 Nxe4 21. Bxe4
Bd4 22. Rbd1 Bxc3 23. Qxc3 f6 24. h4 Kf7 25. h5 Rg8 26. Kg2 Ba4 27. Rb1 Nd8 28.
Rh1 Rg7 29. hxg6+ hxg6 30. Rh8 Be8 31. Ng4 e5 32. dxe6+ Kxe6 33. Qxf6+ Kd7 34.
Qxg7+ 1-0

[Event "Titled Tuesday intern op 1st Sept"]
[Site "Chess.com INT"]
[Date "2020.09.01"]
[Round "4"]
[White "Idrisov, Ildar F"]
[Black "Girish, A Koushnik"]
[Result "1-0"]
[WhiteElo "2282"]
[BlackElo "2498"]
[PlyCount "143"]
[EventDate "2020.09.01"]
[EventType "swiss (blitz)"]
[EventRounds "10"]
[EventCountry "USA"]
[SourceTitle "EXT 2021"]
[Source "ChessBase"]
[SourceDate "2020.10.23"]
[SourceVersion "1"]
[SourceVersionDate "2020.10.23"]
[SourceQuality "1"]

1. Nf3 d5 2. b3 c5 3. Bb2 Nc6 4. e3 a6 5. d4 cxd4 6. exd4 Bg4 7. Be2 e6 8. O-O
Nf6 9. Ne5 Bxe2 10. Qxe2 Rc8 11. Nxc6 Rxc6 12. Rc1 Be7 13. Nd2 O-O 14. c4 dxc4
15. Nxc4 Nd5 16. Ne5 Rxc1+ 17. Rxc1 Bg5 18. Rc4 b5 19. Rc6 Nb4 20. Ba3 Nxc6 21.
Nxc6 Qc7 22. Bxf8 Qxc6 23. Bc5 Qd5 24. f3 Bf6 25. Qe4 h5 26. Qxd5 exd5 27. Kf2
Kh7 28. Ke3 Kg6 29. Bd6 Kf5 30. h3 h4 31. Bf8 g6 32. Bd6 Bd8 33. a4 Ba5 34.
axb5 axb5 35. Kd3 Be1 36. Ke3 g5 37. Kd3 Bf2 38. Bb8 Ke6 39. Bc7 f6 40. Bd8 Bg3
41. Kc3 Bd6 42. Kd3 Kf5 43. Ke3 Kg6 44. Kd3 f5 45. Ke3 Kh5 46. Kd3 g4 47. fxg4+
fxg4 48. Bf6 Bg3 49. Be5 Kg5 50. Bh8 Bd6 51. Bg7 Kf4 52. hxg4 Kxg4 53. Ke2 Kg3
54. Be5+ Bxe5 55. dxe5 Kxg2 56. e6 h3 57. e7 h2 58. e8=Q h1=Q 59. Qg6+ Kh3 60.
Qh5+ Kg2 61. Qxh1+ Kxh1 62. Kd3 Kg2 63. Kd4 Kf3 64. Kxd5 Kf4 65. Kc5 Ke4 66.
Kxb5 Kd5 67. b4 Kd6 68. Kb6 Kd7 69. Kb7 Kd6 70. b5 Kc5 71. b6 Kd6 72. Ka7 1-0

[Event "Titled Tuesday intern op 1st Sept"]
[Site "Chess.com INT"]
[Date "2020.09.01"]
[Round "5"]
[White "Girish, A Koushnik"]
[Black "Marcinczyk, Monika"]
[Result "1-0"]
[WhiteElo "2498"]
[BlackElo "1832"]
[PlyCount "59"]
[EventDate "2020.09.01"]
[EventType "swiss (blitz)"]
[EventRounds "10"]
[EventCountry "USA"]
[SourceTitle "EXT 2021"]
[Source "ChessBase"]
[SourceDate "2020.10.23"]
[SourceVersion "1"]
[SourceVersionDate "2020.10.23"]
[SourceQuality "1"]

1. c4 c5 2. Nf3 e6 3. Nc3 d5 4. cxd5 exd5 5. d4 Nf6 6. g3 Nc6 7. Bg2 Be6 8. O-O
Be7 9. dxc5 Bxc5 10. Bg5 O-O 11. Rc1 Be7 12. Nd4 h6 13. Bxf6 Bxf6 14. Nxc6 bxc6
15. Na4 Qa5 16. b3 Rad8 17. Rxc6 Rc8 18. Rxc8 Rxc8 19. Qd3 g6 20. Rd1 Kg7 21.
Bxd5 Rd8 22. e4 Bxd5 23. exd5 Rd6 24. Qc4 Qd8 25. Nc5 Qe7 26. Ne4 Rd8 27. d6
Qe5 28. d7 Be7 29. Rd5 Qe6 30. Qd4+ 1-0

[Event "Titled Tuesday intern op 1st Sept"]
[Site "Chess.com INT"]
[Date "2020.09.01"]
[Round "6"]
[White "Li, Hui"]
[Black "Girish, A Koushnik"]
[Result "0-1"]
[WhiteElo "1985"]
[BlackElo "2498"]
[PlyCount "82"]
[EventDate "2020.09.01"]
[EventType "swiss (blitz)"]
[EventRounds "10"]
[EventCountry "USA"]
[SourceTitle "EXT 2021"]
[Source "ChessBase"]
[SourceDate "2020.10.23"]
[SourceVersion "1"]
[SourceVersionDate "2020.10.23"]
[SourceQuality "1"]

1. e4 c6 2. d4 d5 3. Nd2 dxe4 4. Nxe4 Bf5 5. Ng3 Bg6 6. h4 h6 7. Nf3 e6 8. h5
Bh7 9. Bd3 Bxd3 10. Qxd3 Nf6 11. Bd2 c5 12. O-O-O Nc6 13. Bc3 Qd5 14. dxc5 Qxd3
15. Rxd3 Bxc5 16. Bxf6 gxf6 17. Ne4 Be7 18. Nd6+ Bxd6 19. Rxd6 Ke7 20. Rhd1
Rad8 21. Rxd8 Nxd8 22. g3 Rg8 23. c4 Nc6 24. Kc2 f5 25. Kc3 f4 26. gxf4 Rg4 27.
Ne5 Rxf4 28. Nxc6+ bxc6 29. c5 Rf3+ 30. Rd3 Rxd3+ 31. Kxd3 e5 32. Ke4 Ke6 33.
b4 f5+ 34. Kd3 Kd5 35. a4 e4+ 36. Ke3 Ke5 37. f4+ Kd5 38. Kd2 Kc4 39. b5 Kxc5
40. bxc6 Kxc6 41. Kc3 Kc5 0-1

[Event "Titled Tuesday intern op 1st Sept"]
[Site "Chess.com INT"]
[Date "2020.09.01"]
[Round "8"]
[White "Herrera Reyes, Jose Antonio"]
[Black "Girish, A Koushnik"]
[Result "0-1"]
[WhiteElo "2304"]
[BlackElo "2498"]
[PlyCount "50"]
[EventDate "2020.09.01"]
[EventType "swiss (blitz)"]
[EventRounds "10"]
[EventCountry "USA"]
[SourceTitle "EXT 2021"]
[Source "ChessBase"]
[SourceDate "2020.10.23"]
[SourceVersion "1"]
[SourceVersionDate "2020.10.23"]
[SourceQuality "1"]

1. Nf3 d5 2. g3 g6 3. Bg2 Bg7 4. d3 e5 5. Nc3 Ne7 6. h4 h6 7. e4 Be6 8. O-O
Nbc6 9. exd5 Nxd5 10. Re1 O-O 11. Bd2 Qd7 12. Qc1 Kh7 13. Ne4 b6 14. a3 f5 15.
Nc3 Rae8 16. h5 g5 17. Ne2 f4 18. b4 g4 19. Nh4 f3 20. Bh1 fxe2 21. Rxe2 Nd4
22. Re4 Nf6 23. Rxe5 Bd5 24. Rxe8 Rxe8 25. Be3 Ne2+ 0-1

[Event "Titled Tuesday intern op 1st Sept"]
[Site "Chess.com INT"]
[Date "2020.09.01"]
[Round "10"]
[White "Girish, A Koushnik"]
[Black "Delorme, Alban"]
[Result "0-1"]
[WhiteElo "2498"]
[BlackElo "2322"]
[PlyCount "182"]
[EventDate "2020.09.01"]
[EventType "swiss (blitz)"]
[EventRounds "10"]
[EventCountry "USA"]
[SourceTitle "EXT 2021"]
[Source "ChessBase"]
[SourceDate "2020.10.23"]
[SourceVersion "1"]
[SourceVersionDate "2020.10.23"]
[SourceQuality "1"]

1. c4 e6 2. Nc3 d5 3. d4 Nf6 4. cxd5 exd5 5. Bg5 Be7 6. e3 O-O 7. Bd3 Nbd7 8.
Nge2 b6 9. O-O Bb7 10. f3 c5 11. Rc1 a6 12. Bb1 Re8 13. Qd3 c4 14. Qc2 b5 15.
a3 Bc6 16. e4 Qb6 17. Kh1 g6 18. Rcd1 a5 19. e5 Nh5 20. Bxe7 Rxe7 21. g4 Ng7
22. Nf4 Qb7 23. Qf2 b4 24. Ncxd5 Ree8 25. Be4 Ne6 26. Nxe6 fxe6 27. Nf6+ Nxf6
28. exf6 Bxe4 29. fxe4 Qxe4+ 30. Qg2 Qxg2+ 31. Kxg2 Kf7 32. g5 Rad8 33. Rfe1
Rd5 34. Re5 Red8 35. Rde1 R8d6 36. Rc1 Rxd4 37. Rxa5 Rd2+ 38. Kh1 Rxb2 39. Ra7+
Kf8 40. axb4 c3 41. Rca1 e5 42. Ra8+ Kf7 43. R8a7+ Ke6 44. Re7+ Kd5 45. f7 c2
46. f8=Q Rb1+ 47. Kg2 c1=Q 48. Qa8+ Kd4 49. Qa7+ Kd3 50. Ra3+ Ke4 51. Qb7+ Kf5
52. Qf3+ Kxg5 53. Qg3+ Kf6 54. Qh4+ Qg5+ 55. Qxg5+ Kxg5 56. Rxh7 Rd2+ 57. Kh3
e4 58. Rg3+ Kf6 59. Rh6 Rbb2 60. Rhxg6+ Ke5 61. R3g5+ Kf4 62. Rg4+ Ke3 63. Rg3+
Kd4 64. Rd6+ Ke5 65. Rxd2 Rxd2 66. b5 Rb2 67. Kh4 Kf4 68. Rg4+ Kf3 69. Rg3+ Kf2
70. Rg5 e3 71. Rf5+ Kg2 72. Re5 e2 73. Kg5 Rxb5 74. Rxb5 e1=Q 75. Rb2+ Kh3 76.
Rb3+ Kxh2 77. Rb5 Kg3 78. Rb3+ Kf2 79. Rb2+ Ke3 80. Rb3+ Kd4 81. Rh3 Qg1+ 82.
Kf5 Kd5 83. Rd3+ Kc4 84. Rf3 Qg7 85. Rf4+ Kd5 86. Rf3 Qe5+ 87. Kg4 Ke4 88. Rf1
Qg7+ 89. Kh4 Qh6+ 90. Kg4 Qg6+ 91. Kh4 Ke3 0-1